[Event "Kecskemet Caissa IM 07"]
[Site "Kecskemet"]
[Date "2016.07.31"]
[Round "2"]
[White "Zhou, Qiyu"]
[Black "Erdelyi, Tamas"]
[Result "1-0"]
[WhiteElo "2307"]
[BlackElo "2101"]
[PlyCount "107"]
[EventDate "2016.07.30"]
[EventType "tourn"]
[EventRounds "10"]
[EventCountry "HUN"]
[EventCategory "1"]
[SourceTitle "CBM 173 Extra"]
[Source "ChessBase"]
[SourceDate "2016.08.29"]
[SourceVersion "1"]
[SourceVersionDate "2016.08.29"]
[SourceQuality "1"]

1. e4 c5 2. Nf3 e6 3. d4 cxd4 4. Nxd4 a6 5. Nc3 Qc7 6. Be3 Nf6 7. Qd2 Bb4 8. Bd3 d5 9. exd5 Nxd5 10. Nde2 0-0 11. 0-0 Nxe3 12. Qxe3 Bd6 13. Kh1 Nd7 14. Ne4 Be7 15. f4 Nf6 16. N2c3 g6 17. Rad1 b5 18. Qd4 Nxe4 19. Nxe4 Bb7 20. Nf6+ Bxf6 21. Qxf6 Rad8 22. Rde1 Rd6 23. Re3 Qd8 24. Qe5 Rd5 25. Qc3 Rh5 26. Be2 Rd5 27. Bf3 Rd7 28. Bxb7 Rxb7 29. Rd3 Rd7 30. Rfd1 Rxd3 31. Rxd3 Qh4 32. g3 Qh3 33. Kg1 h5 34. Qc6 Qg4 35. Qxa6 Qe2 36. Qxb5 h4 37. Qc5 Qe1+ 38. Kg2 Qe4+ 39. Kf1 hxg3 40. hxg3 Qh1+ 41. Qg1 Qc6 42. Qg2 Qa6 43. a3 Rc8 44. Ke1 Qb6 45. b4 Qc7 46. Qe2 Qxc2 47. Qxc2 Rxc2 48. Rb3 Kf8 49. b5 Ke8 50. b6 Rc8 51. b7 Rb8 52. a4 Kd7 53. a5 Kc7 54. a6 1-0

[Event "Verbandsliga Nordbaden 1516"]
[Site "Baden"]
[Date "2016.03.20"]
[Round "8.3"]
[White "Kolb, Hans Martin"]
[Black "Erdelyi, Tamas"]
[Result "1/2-1/2"]
[WhiteElo "2218"]
[BlackElo "2084"]
[PlyCount "63"]
[EventDate "2015.09.27"]
[EventType "team-tourn"]
[EventRounds "9"]
[EventCountry "GER"]
[SourceTitle "EXT 2022"]
[Source "ChessBase"]
[SourceDate "2021.10.06"]
[SourceVersion "1"]
[SourceVersionDate "2021.10.06"]
[SourceQuality "1"]
[WhiteTeam "Lindenhof"]
[BlackTeam "Buchen II"]
[WhiteTeamCountry "GER"]
[BlackTeamCountry "GER"]

1. d4 c5 2. d5 g6 3. c3 Nf6 4. Bg5 Ne4 5. Bf4 Bg7 6. f3 Nf6 7. e4 d6 8. a4 0-0 9. Na3 Nbd7 10. Nc4 b6 11. Qd2 Ba6 12. Nh3 Bxc4 13. Bxc4 a6 14. 0-0 Qc7 15. Bg5 Qb7 16. Nf2 b5 17. Be2 c4 18. Be3 Rfc8 19. Bd1 Nc5 20. axb5 axb5 21. Bc2 Nfd7 22. Bd4 Rxa1 23. Rxa1 Ra8 24. Rxa8+ Qxa8 25. Bxg7 Kxg7 26. Qc1 Qa2 27. Kf1 Nb6 28. Ke1 Nba4 29. Nd1 Nb6 30. Nf2 Nba4 31. Nd1 Nb6 32. Nf2 1/2-1/2

[Event "Kecskemet Caissa IM New Year"]
[Site "Kecskemet"]
[Date "2016.01.01"]
[Round "6"]
[White "Radlovacki, Jovan"]
[Black "Erdelyi, Tamas"]
[Result "1/2-1/2"]
[WhiteElo "2372"]
[BlackElo "2082"]
[PlyCount "22"]
[EventDate "2015.12.27"]
[EventType "tourn"]
[EventRounds "10"]
[EventCountry "HUN"]
[SourceTitle "CBM 170 Extra"]
[Source "ChessBase"]
[SourceDate "2016.02.25"]
[SourceVersion "1"]
[SourceVersionDate "2016.02.25"]
[SourceQuality "1"]

1. e4 c5 2. Nf3 e6 3. d4 cxd4 4. Nxd4 a6 5. c4 Nf6 6. Bd3 Qc7 7. 0-0 Bc5 8. Nc2 h5 9. Qe2 Ng4 10. g3 Nc6 11. Nc3 d6 1/2-1/2

[Event "Kecskemet Caissa IM New Year"]
[Site "Kecskemet"]
[Date "2015.12.31"]
[Round "5"]
[White "Erdelyi, Tamas"]
[Black "Ding, Tze How Dilwen"]
[Result "0-1"]
[WhiteElo "2082"]
[BlackElo "2274"]
[PlyCount "72"]
[EventDate "2015.12.27"]
[EventType "tourn"]
[EventRounds "10"]
[EventCountry "HUN"]
[SourceTitle "CBM 170 Extra"]
[Source "ChessBase"]
[SourceDate "2016.02.25"]
[SourceVersion "1"]
[SourceVersionDate "2016.02.25"]
[SourceQuality "1"]

1. d4 d5 2. e3 Nf6 3. Bd3 c6 4. c3 g6 5. f4 Bg7 6. Nd2 0-0 7. Qc2 Nbd7 8. Ngf3 e6 9. Ng5 c5 10. Ndf3 b6 11. 0-0 a5 12. Qf2 Ba6 13. Bxa6 Rxa6 14. Qh4 h6 15. Nh3 Ne4 16. Qxd8 Rxd8 17. Nf2 Ndf6 18. Nxe4 Nxe4 19. Bd2 b5 20. Rfc1 b4 21. dxc5 bxc3 22. bxc3 Rc6 23. Rab1 Rxc5 24. Rb3 Rdc8 25. Be1 Bxc3 26. Bxc3 Rxc3 27. Rcxc3 Rxc3 28. Rxc3 Nxc3 29. a3 Nb5 30. a4 Nc3 31. Nd4 Nxa4 32. Nb3 Nc3 33. Nxa5 Nd1 34. e4 dxe4 35. Kf1 Ne3+ 36. Kf2 Ng4+ 0-1

[Event "Verbandsliga Nordbaden 1516"]
[Site "Baden"]
[Date "2015.12.13"]
[Round "4.4"]
[White "Birnbaum, Detlev"]
[Black "Erdelyi, Tamas"]
[Result "0-1"]
[WhiteElo "2130"]
[BlackElo "2084"]
[PlyCount "46"]
[EventDate "2015.09.27"]
[EventType "team-tourn"]
[EventRounds "9"]
[EventCountry "GER"]
[SourceTitle "EXT 2022"]
[Source "ChessBase"]
[SourceDate "2021.10.06"]
[SourceVersion "1"]
[SourceVersionDate "2021.10.06"]
[SourceQuality "1"]
[WhiteTeam "Viernheim II"]
[BlackTeam "Buchen II"]
[WhiteTeamCountry "GER"]
[BlackTeamCountry "GER"]

1. d4 Nf6 2. c4 c5 3. d5 b5 4. cxb5 a6 5. bxa6 g6 6. Nc3 Bg7 7. e4 0-0 8. Nf3 Qa5 9. Nd2 Bxa6 10. Bc4 Nxe4 11. Qb3 Nxc3 12. bxc3 Qxc3 13. Rb1 Bxc4 14. Qxc4 Qxc4 15. Nxc4 Bc3+ 16. Ke2 Rxa2+ 17. Kd3 Bf6 18. Bh6 Rd8 19. Rb7 Na6 20. Bd2 Nb4+ 21. Bxb4 cxb4 22. Re1 Rxf2 23. Ne5 Rf5 0-1

[Event "Omegna op-A 3rd"]
[Site "Omegna"]
[Date "2015.08.09"]
[Round "4"]
[White "Vincenzi, Marco"]
[Black "Erdelyi, Tamas"]
[Result "1-0"]
[WhiteElo "2083"]
[BlackElo "2088"]
[PlyCount "111"]
[EventDate "2015.08.07"]
[EventType "swiss"]
[EventRounds "5"]
[EventCountry "ITA"]
[SourceTitle "EXT 2024"]
[Source "ChessBase"]
[SourceDate "2023.10.10"]
[SourceVersion "1"]
[SourceVersionDate "2023.10.10"]
[SourceQuality "1"]

1. d4 Nf6 2. c4 c5 3. d5 b5 4. cxb5 a6 5. b6 d6 6. Nc3 Nbd7 7. a4 Qxb6 8. Nf3 g6 9. e4 Bg7 10. Be2 Qb4 11. Nd2 0-0 12. 0-0 Rb8 13. Nc4 Nb6 14. Nxb6 Qxb6 15. a5 Qb3 16. Qd3 Ne8 17. Na4 Nc7 18. Nb6 Qxd3 19. Bxd3 f5 20. exf5 Bxf5 21. Ra3 Nb5 22. Bxb5 axb5 23. Re1 Rb7 24. Rb3 b4 25. Bg5 Bf6 26. Bxf6 Rxf6 27. Rbe3 Kf7 28. f3 e5 29. Nc4 g5 30. g3 Ra7 31. Kf2 Bc8 32. f4 gxf4 33. gxf4 Rxf4+ 34. Rf3 Rxf3+ 35. Kxf3 Ra6 36. Ke4 Bd7 37. Rf1+ Ke7 38. Rg1 Bb5 39. Ne3 Be8 40. Nc4 Bg6+ 41. Ke3 Kf6 42. h4 Bf7 43. Ke4 Bg6+ 44. Ke3 Bc2 45. Rf1+ Ke7 46. Rg1 Bg6 47. h5 Bxh5 48. Rg7+ Ke8 49. Rxh7 Bf7 50. Rh8+ Ke7 51. Ke4 Bg6+ 52. Kf3 Bf7 53. Rh7 Kf6 54. Rh6+ Ke7 55. Ke4 Bg8 56. Nxe5 1-0

[Event "Omegna op-A 3rd"]
[Site "Omegna"]
[Date "2015.08.08"]
[Round "2"]
[White "Minerva, Enzo"]
[Black "Erdelyi, Tamas"]
[Result "1/2-1/2"]
[WhiteElo "1988"]
[BlackElo "2088"]
[PlyCount "30"]
[EventDate "2015.08.07"]
[EventType "swiss"]
[EventRounds "5"]
[EventCountry "ITA"]
[SourceTitle "EXT 2024"]
[Source "ChessBase"]
[SourceDate "2023.10.10"]
[SourceVersion "1"]
[SourceVersionDate "2023.10.10"]
[SourceQuality "1"]

1. e4 c5 2. Nf3 e6 3. d3 d6 4. g3 Nc6 5. Bg2 Nf6 6. 0-0 Be7 7. b3 0-0 8. Bb2 Rb8 9. e5 Ne8 10. d4 cxd4 11. exd6 Nxd6 12. Nxd4 Nxd4 13. Bxd4 b6 14. c4 Bb7 15. Nc3 Bxg2 1/2-1/2

[Event "Omegna op-A 3rd"]
[Site "Omegna"]
[Date "2015.08.07"]
[Round "1"]
[White "Erdelyi, Tamas"]
[Black "Vezzosi, Paolo"]
[Result "0-1"]
[WhiteElo "2088"]
[BlackElo "2347"]
[PlyCount "124"]
[EventDate "2015.08.07"]
[EventType "swiss"]
[EventRounds "5"]
[EventCountry "ITA"]
[SourceTitle "EXT 2024"]
[Source "ChessBase"]
[SourceDate "2023.10.10"]
[SourceVersion "1"]
[SourceVersionDate "2023.10.10"]
[SourceQuality "1"]

1. c4 Nf6 2. Nf3 c5 3. g3 Nc6 4. Bg2 d5 5. cxd5 Nxd5 6. Nc3 Nc7 7. a3 e5 8. b4 f6 9. bxc5 Bxc5 10. Qb3 Bb6 11. 0-0 Be6 12. Qa4 0-0 13. Bb2 Qe7 14. d3 Rfd8 15. Rab1 Qf7 16. Ba1 Na5 17. Nd2 Na6 18. Qd1 Rac8 19. Kh1 Kh8 20. f4 exf4 21. gxf4 Bd4 22. Rc1 Qd7 23. Nce4 Bg4 24. Rxc8 Rxc8 25. Bxd4 Qxd4 26. h3 Be6 27. Qe1 Rc2 28. Nf3 Qd8 29. Rg1 Nb3 30. Qg3 Qe7 31. Qh4 Rc1 32. Rxc1 Nxc1 33. Qe1 Qxa3 34. Nd4 Bd7 35. Qh4 Qa1 36. Qe1 Qxd4 37. Qxc1 h6 38. Qa3 Nb4 39. Qb3 f5 40. Nd2 Qxf4 41. Qf7 Qxd2 42. Qxd7 Qc1+ 43. Kh2 Qf4+ 44. Kh1 Kh7 45. Qxb7 a5 46. Qb5 Nc2 47. Qd5 Ne3 48. Qa8 h5 49. Qf3 Qg5 50. Kh2 h4 51. d4 Nxg2 52. Qxg2 Qf4+ 53. Kh1 Qxd4 54. Qf3 Qe4 55. Kg2 Kg6 56. Kf2 Kg5 57. Qc3 g6 58. Qa3 Qd4+ 59. Kg2 Qe5 60. Qd3 Qe4+ 61. Qf3 Kf6 62. Kf2 Qxf3+ 0-1

[Event "Kecskemet Caissa IM 07"]
[Site "Kecskemet"]
[Date "2015.07.22"]
[Round "2"]
[White "Erdelyi, Tamas"]
[Black "Jovanovic, Dusan D"]
[Result "1/2-1/2"]
[WhiteElo "2099"]
[BlackElo "2373"]
[PlyCount "81"]
[EventDate "2015.07.21"]
[EventType "tourn"]
[EventRounds "9"]
[EventCountry "HUN"]
[SourceTitle "EXT 2016"]
[Source "ChessBase"]
[SourceDate "2015.10.08"]
[SourceVersion "1"]
[SourceVersionDate "2015.10.08"]
[SourceQuality "1"]

1. Nf3 Nf6 2. c4 e6 3. g3 b6 4. Bg2 Bb7 5. 0-0 c5 6. Nc3 d6 7. d4 cxd4 8. Qxd4 a6 9. Bg5 Be7 10. Bxf6 Bxf6 11. Qf4 0-0 12. Rfd1 Be7 13. Ne4 Bxe4 14. Qxe4 Ra7 15. Nd4 Rc7 16. Rac1 Re8 17. e3 Bf8 18. b3 Qc8 19. Qb1 Nd7 20. a4 g6 21. Rc2 h5 22. h4 Ne5 23. Rcd2 Qb8 24. Qa2 Rc5 25. Qb1 Ng4 26. Nc6 Qc8 27. Nd4 Qc7 28. Rd3 g5 29. hxg5 Rxg5 30. Nf3 Rg7 31. R1d2 Be7 32. Kf1 Rc8 33. Qd1 Qc5 34. Rd4 Nh6 35. Nh4 b5 36. Bb7 Rb8 37. Bxa6 bxa4 38. bxa4 Ng4 39. Bb5 Bxh4 40. gxh4 Qe5 41. Rf4 1/2-1/2

[Event "Belp op"]
[Site "Belp"]
[Date "2015.05.25"]
[Round "5"]
[White "Duruz, Noe"]
[Black "Erdelyi, Tamas"]
[Result "1-0"]
[WhiteElo "2039"]
[BlackElo "2181"]
[PlyCount "45"]
[EventDate "2015.05.23"]
[EventType "swiss"]
[EventRounds "5"]
[EventCountry "SUI"]
[SourceTitle "EXT 2016"]
[Source "ChessBase"]
[SourceDate "2015.10.08"]
[SourceVersion "1"]
[SourceVersionDate "2015.10.08"]
[SourceQuality "1"]

1. e4 c5 2. Nf3 e6 3. d4 cxd4 4. Nxd4 a6 5. Bd3 Bc5 6. Nb3 Be7 7. 0-0 d6 8. c4 Nf6 9. Nc3 b6 10. f4 Nbd7 11. Bd2 g6 12. Rf3 Bb7 13. Qe2 h5 14. Raf1 Rc8 15. Nd4 e5 16. Nc2 exf4 17. Bxf4 Ng4 18. Nd5 Bxd5 19. exd5 Nge5 20. Bxe5 Nxe5 21. Rxf7 Kd7 22. Nd4 Qe8 23. Bxg6 1-0

[Event "Kecskemet Caissa IM 02"]
[Site "Kecskemet"]
[Date "2015.02.23"]
[Round "10"]
[White "Erdelyi, Tamas"]
[Black "Holm, Kristian Stuvik"]
[Result "0-1"]
[WhiteElo "2095"]
[BlackElo "2353"]
[PlyCount "92"]
[EventDate "2015.02.17"]
[EventType "tourn"]
[EventRounds "10"]
[EventCountry "HUN"]
[EventCategory "2"]
[SourceTitle "CBM 165 Extra"]
[Source "ChessBase"]
[SourceDate "2015.04.21"]
[SourceVersion "1"]
[SourceVersionDate "2015.04.21"]
[SourceQuality "1"]

1. Nf3 Nf6 2. c4 e6 3. g3 d5 4. Bg2 dxc4 5. Qa4+ Nbd7 6. Qxc4 a6 7. Qb3 Rb8 8. a4 b5 9. axb5 axb5 10. d3 Bb7 11. 0-0 Be7 12. Nc3 0-0 13. Bf4 b4 14. Na4 Ra8 15. Rfc1 c5 16. Be3 Bc6 17. Qd1 Ra6 18. Nd2 Nd5 19. Nc4 Nxe3 20. Nxe3 Bb5 21. Nc4 Bf6 22. Qb3 Qb8 23. Ra2 Qc7 24. Rca1 h5 25. h4 g6 26. Bf3 Kh7 27. Kg2 Bg7 28. Kg1 f5 29. e3 e5 30. Bg2 Bc6 31. Nd2 Bxg2 32. Kxg2 Qc6+ 33. Kg1 Rfa8 34. Nc4 Nf8 35. Nd2 Ne6 36. Qc2 Rd8 37. Kf1 Qd5 38. Ke2 Rad6 39. Nb3 Qg2 40. Rd1 f4 41. gxf4 exf4 42. Naxc5 fxe3 43. Kxe3 Bh6+ 44. Ke2 Nf4+ 45. Ke1 Qg1+ 46. Kd2 Nxd3+ 0-1

[Event "Kecskemet Caissa IM New Year"]
[Site "Kecskemet"]
[Date "2015.01.05"]
[Round "14"]
[White "To, Nhat Minh"]
[Black "Erdelyi, Tamas"]
[Result "1-0"]
[WhiteElo "2354"]
[BlackElo "2127"]
[PlyCount "57"]
[EventDate "2014.12.25"]
[EventType "tourn"]
[EventRounds "14"]
[EventCountry "HUN"]
[EventCategory "2"]
[SourceTitle "CBM 164 Extra"]
[Source "ChessBase"]
[SourceDate "2015.03.02"]
[SourceVersion "1"]
[SourceVersionDate "2015.03.02"]
[SourceQuality "1"]

1. e4 c5 2. Nc3 d6 3. Nf3 Nf6 4. d4 cxd4 5. Nxd4 a6 6. Bg5 Nbd7 7. Bc4 Qb6 8. Bb3 e6 9. Qd2 Be7 10. 0-0-0 Nc5 11. f3 Qc7 12. Kb1 0-0 13. g4 b5 14. a3 Bb7 15. Ba2 Rfe8 16. h4 Nfd7 17. Bxe7 Rxe7 18. g5 Nb6 19. h5 Nc4 20. Bxc4 bxc4 21. g6 fxg6 22. hxg6 h6 23. Rh5 Nd7 24. Rdh1 Nf8 25. Rxh6 gxh6 26. Qxh6 Nh7 27. Nxe6 Rxe6 28. gxh7+ Kh8 29. Qxe6 1-0

[Event "Kecskemet Caissa IM New Year"]
[Site "Kecskemet"]
[Date "2015.01.01"]
[Round "10"]
[White "Erdelyi, Tamas"]
[Black "Nagy, Gabor"]
[Result "0-1"]
[WhiteElo "2127"]
[BlackElo "2422"]
[PlyCount "64"]
[EventDate "2014.12.25"]
[EventType "tourn"]
[EventRounds "14"]
[EventCountry "HUN"]
[EventCategory "2"]
[SourceTitle "CBM 164 Extra"]
[Source "ChessBase"]
[SourceDate "2015.03.02"]
[SourceVersion "1"]
[SourceVersionDate "2015.03.02"]
[SourceQuality "1"]

1. c4 e5 2. g3 h5 3. h4 Bc5 4. Nc3 Nc6 5. Bg2 d6 6. d3 Bg4 7. Nf3 Nge7 8. a3 a5 9. Rb1 Qd7 10. Bd2 f6 11. Qa4 0-0 12. Qd1 Rae8 13. Ne4 Bb6 14. Nc3 f5 15. Ng5 f4 16. gxf4 exf4 17. Be4 Ne5 18. Qb3 Kh8 19. Qb5 Qd8 20. Qb3 Nf5 21. f3 Nd4 22. Qa4 Bf5 23. Nd5 c6 24. Nxf4 d5 25. cxd5 cxd5 26. Nxd5 Nxd3+ 27. exd3 Qxd5 28. Rf1 Qd6 29. f4 Qg6 30. Kf2 Bxe4 31. dxe4 Rxe4 32. Nxe4 Nc2+ 0-1